Normal view
MARC view
- Warren M. Washington
Entry Personal Name
001 - CONTROL NUMBER
- control field: 31491
003 - CONTROL NUMBER IDENTIFIER
- control field: NUST
005 - DATE AND TIME OF LATEST TRANSACTION
- control field: 20201014112054.0
008 - FIXED-LENGTH DATA ELEMENTS
- fixed length control field: 201014|| aca||aabn | a|a d
040 ## - CATALOGING SOURCE
- Original cataloging agency: NUST
- Transcribing agency: NUST
100 ## - HEADING--PERSONAL NAME
- Personal name: Warren M. Washington
670 ## - SOURCE DATA FOUND
- Source citation: Work cat.: (NUST): Science and Engineering Indicators 2006 /, 2006.
